| 000 | 01091nam a2200325Ma 4500 | ||
|---|---|---|---|
| 020 | _a0078249406 (v. 1 : student ed., grade 6) | ||
| 020 | _a9780078249402 (v. 1 : student ed., grade 6) | ||
| 020 | _a0078249414 (v. 2 : student ed., grade 7) | ||
| 020 | _a9780078249419 (v. 2 : student ed., grade 7) | ||
| 020 | _a0078215404 (student ed., grade 67) | ||
| 020 | _a9780078215407 (student ed., grade 67) | ||
| 020 | _a0078246946 (teacher wraparound ed.) | ||
| 020 | _a9780078246944 (teacher wraparound ed.) | ||
| 040 | _cX2Q | ||
| 082 | _a910 GLE 2002 A100 Or. | ||
| 110 | 2 | _aNational Geographic Society (U.S.) | |
| 245 | 1 | 0 |
_aGeography : _bthe world and its people / |
| 246 | 3 | 4 | _aGlencoe geography |
| 246 | 3 | 0 | _aWorld and its people |
| 260 |
_aNew York, NY : _bGlencoe/McGraw-Hill, _c2002 |
||
| 300 |
_a2 v. : _bcol. ill., col. maps ; _c29 cm |
||
| 500 | _aIncludes index | ||
| 650 | 0 | _aGeography | |
| 650 | 0 | _aGeography | |
| 700 | 1 | _aBoehm, Richard G | |
| 700 | 1 | _aArmstrong, David G | |
| 700 | 1 | _aHunkins, Francis P | |
| 710 | 2 | _aGlencoe/McGraw-Hill | |
| 942 | _cEK | ||
| 999 |
_c12478 _d12478 |
||